000 00934nam a2200253 a 4500
001 25438
003 CO-ViMGA
005 20230915232058.0
008 141112s2004 ck r 000 u spa d
015 _ack - 2007 - xxxx
020 _a9789586826808
040 _aCO-ViMGA
_bspa
_cCO-ViMGA
041 _aspa
082 0 4 _a627 S15h
100 1 _aSaldarriaga Valderrama, Juan Guillermo.
_938806
245 1 0 _aHidráulica de tuberías :
_babastecimiento de agua, redes, riegos /
_cJuan Saldarriaga.
250 _aEditor Luis Javier Buitrago D.
260 _aBogotá :
_bUniversidad de los Andes :
_bAlfaomega,
_c2007.
300 _axviii, 671 p. : il. ; 24 cm.
650 1 4 _aIngeniería hidráulica.
_95105
700 1 _aBuitrago D., Luis Javier, ed.
_938807
942 _2ddc
_cBK
999 _c33025
_d33025